Borders of Libya - Statistics

General Stats
  • This quiz has been taken 22 times
  • The average score is 6 of 6
Answer Stats
Km Countries % Correct
1150 Egypt
100%
982 Algeria
95%
1055 Chad
95%
383 Sudan
95%
459 Tunisia
95%
354 Niger
90%
No matching quizzes found
Score Distribution
Percent of People with Each Score
Percentile by Number Answered
Your Score History
You have not taken this quiz